Statistics for Twilight Saga Titles

Click here to take the quiz!

General Stats

  • This quiz has been taken 62 times
  • The average score is 5 of 5

Answer Stats

Release dateMovie% Correct
2008Twilight
100%
2010The Twilight Saga: Eclipse
97%
2011The Twilight Saga: Breaking Dawn - Part 1
95%
2012The Twilight Saga: Breaking Dawn - Part 2
95%
2009The Twilight Saga: New Moon
95%

Score Distribution

Percentile by Number Answered

Percent of People with Each Score

Your Score History

You have not taken this quiz